000 00444nam a2200193Ia 4500
008 210210b1947 xxu||||| |||| 00| 0 eng d
041 _aeng
082 _a320/563
100 _aSMITH
245 _aDictionary of American politics
260 _a
_bNot Mentioned
_c1947
650 _apolitics
650 _aof
650 _aDictionary
650 _aAmerican
690 _aPolitical Science
700 _aZURCHER (Edr)
906 _a003197
999 _c118534
_d118534